000 00440nam a2200169 a 4500
001 3137
003 CO-ViMGA
008 141112s2004 ck r 000 u spa d
040 _aCO-ViMGA
_bspa
_cCO-ViMGA
082 0 4 _a641.36 C175
245 1 0 _aCarnes :
_bcocina para todos
260 _aSantafé de Bogotá :
_bVoluntad,
_c1995
300 _a30 p : il
650 1 4 _aCARNES - RECETAS
_952478
650 1 4 _aRECETAS DE COCINA
942 _2ddc
_cBK
999 _c15189
_d15189